000 nam a22 a 4500
999 _c1776
_d1776
003 AKMAL
005 20170511160219.0
008 170511t1997 my g 001 0 eng d
020 _a9679785815 (pbk.):
_cRM 79.00
039 9 _a201305230759
_bladduni
_c201305200818
_dizzati
040 _aAKMAL
082 0 4 _a338.9595 NAV
090 _a338.9595
_bNAV
100 1 _aNavaratnam, Ramon V.,
_cTan Sri Dato'
_93671
245 1 0 _aManaging the Malaysian economy :
_bchallenges and prospects /
_cRamon V. Navaratnam
260 _aPetaling Jaya :
_bPelanduk Publications,
_cc1997
300 _a195p. ;
_c23cm.
500 _aIncludes index
500 _aKoleksi Peribadi YABhg. Tun Ahmad Sarji (2100672)
650 1 0 _aEconomic forecasting
_zMalaysia
_982
650 2 0 _aCivil service
_zMalaysia
_9420
651 0 _aMalaysia
_xEconomic policy
_949
651 0 _aMalaysia
_xSocial conditions
_945
651 0 _aMalaysia
_xForeign relations
_911
942 _2ddc
_cBOOK